000 05940nas a22003257a 4500
003 NALT
005 20260109144048.0
006 a|||p|r|||| 00| 0
007 ta
008 260109b th |||p| |||| 00| 0 tha d
022 _a01250957
040 _aNALT
041 _atha
245 0 0 _aรัฐสภาสาร ปีที่ 42 ฉบับที่ 1-4 (มกราคม-เมษายน 2537).
260 _aพชรกานต์พับลิเคชั่น.
310 _aรายเดือน.
500 _aวารสารเย็บเล่ม.
505 2 _aปีที่ 42 ฉบับที่ 1 ม.ค. 2537 -- พระราชดำรัสพระราชทานแก่ประชาชนชาวไทยในโอกาสขึ้นปีใหม่ พุทธศักราช 2537 -- คำปราศรัยของ ฯพณฯ ศาสตราจารย์ มารุต บุนนาค ประธานรัฐสภา เนื่องในวันขึ้นปีใหม่ พุทธศักราช 2537 -- ระบบราชการไทยปัจจุบันและอนาคต -- ระบบราชการสมัยใหม่ -- การจัดระเบียบบริหารราชการแทนของไทยในปัจจุบัน -- ปรับระบบราชการ ให้สอดคล้องกับการปกครองในระบอบประชาธิปไตย -- ปรับระบบราชการให้สอดคล้องกับการพัฒนาประเทศ -- ปรับระบบราชการให้สอดคล้องกับปรัชญาและวัตถุประสงค์ของการ บริหารราชการ -- การปรับปรุงพฤติกรรมและทัศนคติของข้าราชการ -- 100 ปี ของการปฏิรูประบบราชการไทย อดีต ปัจจุบัน และอนาคตของการปฏิรูป กระทรวง ทบวง กรม -- บทสำรวจเรื่อง อัตราค่าตอบแทนในระบบราชการ -- แนวคิดเพื่อการพัฒนาการเผยแพร่ประชาธิปไตยในโรงเรียน -- บทวิเคราะห์ : มหาวิทยาลัยอิสระ.
505 2 _aปีที่ 42 ฉบับที่ 2 ก.พ. 2537 -- องค์การบริหารส่วนจังหวัด : อดีต ปัจจุบันและอนาคต -- การกระจายอำนาจปกครองกับการปกครองตนเองของประชาชน -- การกระจายอำนาจด้าน งบประมาณในการบริหารราชทานแผ่นดิน -- พระราชบัญญัติวินาศภัย พ.ศ. 2535.
505 2 _aปีที่ 42 ฉบับที่ 3 มี.ค. 2537 -- กฎหมายรับรองสิทธิของสาธารณชนในการรับรู้ข้อมูลข่าวสารของราชการ : ร่างพระราชบัญญัติข้อมูลข่าวสารของราชการ พ.ศ. .... -- ประวัติความเป็นมา ของระเบียบว่าด้วยการรักษาความปลอดภัยแห่งชาติ -- พระราชบัญญัติคุ้มครองความลับในราชการ พ.ศ. 2483 -- ระเบียบสำนักคณะรัฐมนตรีว่าด้วยการรักษาความลับของทางราชการ พ.ศ. 2499 -- ระเบียบว่าด้วยการรักษาความปลอดภัยแห่งชาติ พ.ศ. 2511 -- ความลับของทางราชการตามระเบียบว่าด้วยการรักษาความปลอดภัยแห่งชาติ พ.ศ. 2517 -- สิทธิของบุคคล ในการรับรู้ข่าวสารทางราชการ.
505 2 _aปีที่ 42 ฉบับที่ 4 เม.ย. 2537 -- รัฐธรรมนูญไทย -- ความสำคัญของรัฐธรรมนูญ -- ประเภทของรัฐธรรมนูญ -- ที่มาของรัฐธรรมนูญ -- จำนวนรัฐธรรมนูญของไทย 15 ฉบับ ประวัติความเป็นมาของรัฐธรรมนูญที่สำคัญ 6 ฉบับ ก่อนที่จะมีผลบังคับใช้เป็นกฎหมายรัฐธรรมนูญ -- : วิเคราะห์เปรียบเทียบรัฐธรรมนูญที่สำคัญ 6 ฉบับ. -- พระราชบัญญัติ กองทุนสนับสนุนการวิจัย พ.ศ. 2535.
650 0 _aรัฐธรรมนูญ
_zไทย
_92027
650 0 _aรัฐสภา
_zไทย
_957374
650 0 _aระบบราชการ
_zไทย
_928220
850 _aNALT
866 _aปีที่ 42 ฉบับที่ 1-4 (มกราคม-เมษายน 2537).
942 _cBOUND
996 _aaroonthip.c
_bLIBSTF
_c2026-01-09
999 _c107646
_d107646
998 _h179
_j179
_k นางสาวอรุณทิพย์ จันทร์ดิษฐ์